| 000 | 00619nam a2200145Ia 4500 | ||
|---|---|---|---|
| 008 | 090124s9999 xx 000 0 und d | ||
| 082 | _b202640 | ||
| 245 | _a वृत्तपत्रांचा इतिहास खंड 1 ला (1780 ते 1880 ) | ||
| 250 | _a1 | ||
| 260 |
_b"जोशी वि.कृ,लेले रा.के." _c1951 |
||
| 300 | _a560+48 | ||
| 630 | _a वृत्तपत्रांचा इतिहास खंड 1 ला (1780 ते 1880 ) | ||
| 730 | _a वृत्तपत्रांचा इतिहास खंड 1 ला (1780 ते 1880 ) | ||
| 942 | _cBOOK | ||
| 999 |
_c184221 _d184221 |
||